000 nam a22 7a 4500
999 _c8719
_d8719
008 180119b ||||| |||| 00| 0 eng d
100 _aTayal.B.B.etal.
_95072
245 _aSocial Science
260 _aNew Delhi
_bArya
_c2008